Effective use of church space: (Record no. 9069)

000 -LEADER
fixed length control field 00620nam a2200181 a 4500
001 - CONTROL NUMBER
control field :::00006850$&:&@@
003 - CONTROL NUMBER IDENTIFIER
control field OkBaRHE
005 - DATE AND TIME OF LATEST TRANSACTION
control field 20000607103333.0
008 - FIXED-LENGTH DATA ELEMENTS--GENERAL INFORMATION
fixed length control field s1978 j 000 0 eng u
040 ## - CATALOGING SOURCE
Transcribing agency
100 1# - MAIN ENTRY--PERSONAL NAME
Personal name Belknap, Ralph L.
245 10 - TITLE STATEMENT
Title Effective use of church space:
Remainder of title church buildings in a time of energy shortages and high costs.
260 ## - PUBLICATION, DISTRIBUTION, ETC. (IMPRINT)
Place of publication, distribution, etc Valley Forge, PA., :
Name of publisher, distributor, etc Judson Press
Date of publication, distribution, etc c1978
300 ## - PHYSICAL DESCRIPTION
Extent 174 p. : illus. ;
Dimensions 21 cm.
650 ## - SUBJECT ADDED ENTRY--TOPICAL TERM
Topical term or geographic name as entry element Church Facilities
General subdivision Planning
942 ## - ADDED ENTRY ELEMENTS (KOHA)
Source of classification or shelving scheme
Koha item type Books
Copies
Date last seen Full call number Withdrawn status Shelving location Price effective from Koha item type Barcode Lost status Not for loan Date acquired Damaged status Permanent Location Copy number Source of classification or shelving scheme
2010-04-14BV 604 .B37 General Stacks2010-04-14Books6850  2010-04-14 RHEMA Bible Training College1